Name Every Single EF5 Tornado In The USA Since 2007 - Statistics

General Stats
  • This quiz has been taken 211 times
    61 since last reset
  • The average score is 8 of 10
Answer Stats
State Year Answer % Correct
Oklahoma 2013 Moore
93%
North Dakota 2025 Enderlin
91%
Missouri 2011 Joplin
91%
Oklahoma 2011 El Reno
84%
Kansas 2007 Greensburg
84%
Mississippi 2011 Philadelphia
66%
Alabama - Georgia 2011 Rainsville
66%
Alabama - Tennessee 2011 Hackleburg
61%
Iowa 2008 Parkersburg
61%
Mississippi - Alabama 2011 Smithville
59%
No matching quizzes found
Score Distribution
Percent of People with Each Score
Percentile by Number Answered
Your Score History
You have not taken this quiz since the last reset